| 000 | 03294cam a2200397 i 4500 | ||
|---|---|---|---|
| 001 | 22930148 | ||
| 003 | OSt | ||
| 005 | 20241210094618.0 | ||
| 008 | 230114s2023 enkab b 001 0 eng | ||
| 010 | _a 2022052243 | ||
| 020 |
_a9781032357461 _q(hardback) |
||
| 020 |
_a9781032357478 _q(paperback) |
||
| 020 |
_z9781003328353 _q(ebook) |
||
| 040 |
_aLBSOR _beng _erda _cLBSOR |
||
| 042 | _apcc | ||
| 050 | 0 | 0 |
_aQB479.2 _b.T736 2023 |
| 082 | 0 | 0 |
_a522.682 T736 2023 _223/eng20230323 |
| 100 | 1 |
_aTrangos̆, Guy, _eauthor. |
|
| 245 | 1 | 4 |
_aThe spatialities of radio astronomy / _cGuy Trangoš. |
| 264 | 1 |
_aLomdon; _aNew York : _bRoutledge, Taylor & Francis Group, _c2023. |
|
| 300 |
_axvii, 246 pages : _billustrations, maps ; _c24 cm |
||
| 336 |
_atext _btxt _2rdacontent |
||
| 337 |
_aunmediated _bn _2rdamedia |
||
| 338 |
_avolume _bnc _2rdacarrier |
||
| 490 | 0 | _aRoutledge research in architecture | |
| 504 | _aIncludes bibliographical references and index. | ||
| 505 | 0 | _aFortress science -- Making science -- Territories of emptiness -- Hyper concentration -- Negotiating contingencies -- Epilogue : to the moon. | |
| 520 |
_a"The spaces of science are understudied by the spatial disciplines and studies of science and technology. This book examines this multidisciplinary overlap through a comparative study of four of the world's most important radio telescopes. Through detailed analysis, historical research, interviews, personal observations, and various conceptual manoeuvres, the author reveals the depth of spatial process active at these scientific sites and the territories they traverse. Through the conceptual frameworks of territory, hyper-concentration, and contingency, the book examines the telescope as one exploded across space and time, present in multiple connected sites simultaneously, and active in the production of space. It develops a historiographic and contemporary analysis of the Atacama Large Millimeter/submillimeter Array (ALMA, Chile); the Five-hundred-meter diameter Aperture Spherical Array (FAST, China); the Arecibo Observatory (Puerto Rico); and the MeerKAT/SKA (South Africa). These case studies are global exemplars of the different spatial transformations that occur through science. Their relationships to surrounding communities and landscapes reveal deeper constitutional processes embodied in each institutional and spatial form. This book spans the modern history of architecture and science, the studies of science, technology and society, and urban theory. It is of specific interest to architects and designers expanding their analysis of spatial production, scholars in the study of geography, landscape, science, technology, and astronomy, and people fascinated with how these radio telescopes were conceptualised, built, and operate today"-- _cProvided by publisher. |
||
| 650 | 0 | _aRadio telescopes. | |
| 650 | 0 | _aRadio astronomy. | |
| 650 | 0 | _aArchitecture and science. | |
| 776 | 0 | 8 |
_iOnline version: _aTrangoš, Guy. _tSpatialities of radio astronomy _dAbingdon, Oxon ; New York : Routledge, 2023 _z9781003328353 _w(DLC) 2022052244 |
| 906 |
_a7 _bcbc _corignew _d1 _eecip _f20 _gy-gencatlg |
||
| 942 |
_2ddc _cBK-EN _n0 |
||
| 999 |
_c7385 _d7385 |
||